00737nam a22002057a 450000500170000001000150001702000260003203500140005803700090007208200130008110000240009424500560011825000060017426000390018027000870021930000200030694200270032699900190035395201590037220260212104202.0 aENG-147842 a9789391962678c695.00 aEN-131374 bDBAD a306.0954 aNaresh Kumar987305 aIndian Economics Issues and Policies/cNaresh Kumar a1 aNew DelhibAvni Publicationsc2023 aRZ-45D, Street No. 2, Main SagarpurbNew Delhie110046mavnipublications@gmail.com a204p.c22cm(hb) 2ddccENh306.0954mNAR c214812d214812 001040708NFICaBL1bBL1d2026-02-12eDelivery of Books Act Divisiong695.00l0o306.0954 NARpEN-131374r2026-02-12 00:00:00t1v695.00w2026-02-12yEN